000 00634nam a2200241 a 4500
001 14030
003 BD-JhCC
005 20240524090235.0
008 240524b2003 n |||| ||a| 000 0 eng d
020 _a9960897583
035 _a(BD-JhCC)14030
040 _aBD-JhCC
_dBD-JhCC
041 _aenglish
082 _a297.63
_bCHI 2003
245 _aChild Companions Around the Prophet:
_bPeace be Upon /
_cTra: Sameh Strauch.
260 _aNew York:
_bDarussalam;
_c2003.
300 _a346 p. :
_c22 cm.
600 _aMuhammad,Prophet
650 _aMuslim
_zFriends
700 _a Strauch,Sameh
942 _2ddc
_cBK
999 _c14030
_d14030